Rozpoznaj Klub po Hymnie - Statystyki

Ogólne statystyki
  • Ten quiz został rozwiązany 68 razy
  • Średni wynik to 6 z 8
Statystyki odpowiedzi
Tekst Klub % Poprawnych
Historia que tú hiciste Historia por hacer Porque nadie resiste Tus ganas de vencer Ya salen las estrellas Mi viejo Chamartín De lejos y de cerca Nos traes hasta aquí Real Madryt
95%
Blue is the colour, football is the game We're all together, and winning is our aim So cheer us on through the sun and rain Chelsea
84%
Jugadors, seguidors, Tots units fem força, son molts anys plens d'afanys, son molts gols que hem cridat, i s'ha demostrat, s'ha demostrat, que mai ningú ens podra torcer. FC Barcelona
74%
Just like the Busby Babes in Days gone by, We'll keep the Red Flags flying high, You've got to see yourself from far and wide, You've got to hear the masses sing with pride Manchester United
74%
Ejemplo de sevillanía, familia roja y blanca del Sánchez Pizjuán. Un corazón que late gritando ¡Sevilla! llevándolo en volandas por siempre a ganar. Y es por eso que hoy vengo a verte, sevillista seré hasta la muerte La Giralda presume orgullosa de ver al Sevilla en el Sánchez Pizjuan Seviilla
74%
cuando quedas entre todos campeón, y se ve frente al balón, un equipo de verdad, que esta tarde también peleará. Yo me voy al Manzanares, al estadio Vicente Calderón, Atletico Madryt
70%
bandiera tutta azzurra Ca rassumiglia 'o cielo, E 'o mare 'e sta citta'. Forza Napoli Rint'all'uocchi'e ste guaglione, Ca se scordano 'e problemi E si mettono a canta'. Napoli, Napoli, Napoli, Quei ragazzi della Curva B. SSC Napoli
54%
On nous met des batons dans les roues Mais on est toujours champion au bout Cette année, comme les autres est á nous Nous on est devant et vous derriére c´est tout Olympique Lyon
31%
Nie znaleziono quizów pasujących do podanych kryteriów
Rozkład punktacji
Procent ludzi z każdym wynikiem
Percentyl według liczby udzielonych odpowiedzi
Twoja historia wyników
Nie rozwiązałeś tego quizu